| 000 | 01088cam a2200277Ia 4500 | ||
|---|---|---|---|
| 999 |
_c9746 _d9746 |
||
| 001 | 50574665 | ||
| 003 | OCoLC | ||
| 005 | 20210204115753.0 | ||
| 008 | 020910r20001987arua b 001 0 eng d | ||
| 020 | _a0890511586 (pbk.) | ||
| 020 | _a9780890511589 (pbk.) | ||
| 035 | _a(OCoLC)50574665 | ||
| 040 |
_aVLB _beng _cVLB _dOCLCQ _dZ@3 _dOCLCQ _dCPC _dBDX |
||
| 050 | _bH198L | ||
| 090 |
_aBL263 _b.H35 2000 |
||
| 092 |
_a231.7652 _bH1982 |
||
| 100 | 1 | _aHam, Ken. | |
| 245 | 1 | 4 |
_aThe lie : _bevolution / _cKenneth A. Ham. |
| 260 |
_aGreen Forest, AR : _bMaster Books, _c1987 _g[2000 printing] |
||
| 300 |
_a185 p. : _bill. ; _c22 cm. |
||
| 504 | _aIncludes bibliographical references and indexes. | ||
| 505 | 0 | _aChristianity is under attack -- Evolution is religion -- Creation is religion -- Root of the problem -- Crumbling foundations -- Genesis does matter -- Death: curse and a blessing -- Evils of evolution -- Evangelism in a pagan world -- Wake up, shepherds! -- Creation, flood, and coming fire. | |
| 650 | 0 | _aEvolution and Christianity. | |
| 650 | 0 | _aEvolution. | |
| 942 |
_2ddc _cBK |
||